Three-year teacher training (Record no. 374390)

000 -LEADER
fixed length control field 00349cam a22001217a 4500
008 - FIXED-LENGTH DATA ELEMENTS--GENERAL INFORMATION
fixed length control field 180718b1958 xxu||||| |||| 00| 0 eng d
082 ## - DEWEY DECIMAL CLASSIFICATION NUMBER
Classification number P1108 M827
100 ## - MAIN ENTRY--PERSONAL NAME
Personal name Morley, W. Fenton, et. al.
245 ## - TITLE STATEMENT
Title Three-year teacher training
Statement of responsibility, etc. by W. Fenton Morley, et. al.
260 ## - PUBLICATION, DISTRIBUTION, ETC.
Place of publication, distribution, etc. London
Name of publisher, distributor, etc. Methuen
Date of publication, distribution, etc. 1958
300 ## - PHYSICAL DESCRIPTION
Extent 52p.
650 ## - SUBJECT ADDED ENTRY--TOPICAL TERM
Topical term or geographic name entry element Teachers - Education
Holdings
Withdrawn status Lost status Damaged status Not for loan Permanent Location Current Location Date acquired Full call number Barcode Date last seen Price effective from Koha item type
        Indian Institute of Public Administration Indian Institute of Public Administration 1994-06-27 P1108 M827 16096 2018-07-21 2018-07-21 Book

Powered by Koha